[Event "European Cities & Towns Chess Championship - Youth"]
[Site "Central Europe"]
[Date "2023.01.29"]
[Round "4.2.1"]
[White "Dodoi, Matei-Teodor"]
[Black "Siskou, Evangelia"]
[Result "1-0"]
[WhiteElo "1745"]
[BlackElo "1502"]
[BlackCountry "GR"]
[BlackFideId "42113938"]
[BlackTeam "Thessaloniki"]
[WhiteCountry "RO"]
[WhiteFideId "1278029"]
[WhiteTeam "Ia?i - Region"]

1. d4 Nf6 2. c4 e6 3. Nf3 d5 4. Nc3 Be7 5. Bf4 O-O 6. e3 c5 7. dxc5 dxc4 
8. Bd6 Bxd6 9. cxd6 Qb6 10. Qd2 Qc6 11. Ne5 Qc5 12. Qd4 Qxd4 13. exd4 Nd5 
14. Nxc4 Nc6 15. Rd1 Rd8 16. a4 Ndb4 17. Nb5 a6 18. Nba3 Rb8 19. a5 Bd7 
20. Be2 Be8 21. O-O Nd5 22. Bf3 b5 23. axb6 Nxb6 24. d5 exd5 25. Bxd5 Nxd5
26. Rxd5 Nb4 27. Rd4 Bc6 28. Rfd1 Ba4 29. Re1 Bb5 30. Red1 Ba4 31. R1d2 
Bb5 32. h3 h6 33. Nxb5 axb5 34. Ne5 f6 35. Rxb4 fxe5 36. Rd5 Rb6 37. Rbxb5
Rdxd6 38. Rxd6 Rxb5 39. Rd2 Kf7 40. f3 Kf6 41. Kf2 Kf5 42. Ke3 Rb3+ 43. 
Ke2 h5 44. Rc2 h4 45. Kf2 Kf4 46. Rc4+ Kg5 47. Rg4+ Kf5 48. Rxh4 Rxb2+ 49.
 Kg3 g5 50. Re4 Rb3 51. Ra4 Re3 52. Ra8 e4 53. Rf8+ Kg6 54. Kf2 Ra3 55. 
fxe4 Ra4 56. Kf3 Ra3+ 57. Kg4 Ra4 58. Re8 Kf7 59. Re5 Kf6 60. Rf5+ Ke6 61.
 Kxg5 Rxe4 62. h4 Re2 63. g4 Rh2 64. h5 Rg2 65. h6 Rh2 66. Kg6 Rh4 67. g5 
Ke7 68. h7 Ke6 69. Rf6+ Ke7 70. Kg7 Rh5 71. h8=Q Rxg5+ 72. Kh6 Rg1 73. 
Qf8+ Kd7 74. Rd6+ Kc7 75. Qd8+ Kb7 76. Rb6+ Ka7 77. Qb8# 1-0

[Event "European Cities & Towns Chess Championship - Youth"]
[Site "Central Europe"]
[Date "2023.01.29"]
[Round "4.2.2"]
[White "Marinidis, Stavros"]
[Black "Costache, Andrei Eugeniu"]
[Result "1-0"]
[WhiteElo "1378"]
[BlackElo "1632"]
[BlackCountry "RO"]
[BlackFideId "42206057"]
[BlackTeam "Ia?i - Region"]
[WhiteCountry "GR"]
[WhiteFideId "42104904"]
[WhiteTeam "Thessaloniki"]

1. e4 c5 2. Nf3 e6 3. d4 cxd4 4. Nxd4 a6 5. c4 Qc7 6. Be3 Nf6 7. Nc3 b6 8.
 f3 Bb7 9. Be2 d6 10. O-O Be7 11. Qd2 O-O 12. Rfd1 Nbd7 13. Rac1 Rac8 14. 
b4 Rfd8 15. a3 Qb8 16. Nb3 Qa8 17. b5 a5 18. Na4 Qa7 19. Qe1 Nc5 20. Naxc5
dxc5 21. a4 Qb8 22. Bf2 Bd6 23. Bg3 Bf4 24. Bxf4 Qxf4 25. Bf1 Nd7 26. Qd2 
Qf6 27. Qc3 Qxc3 28. Rxc3 Ne5 29. Rcc1 f5 30. f4 Ng4 31. exf5 exf5 32. Re1
Kf7 33. Rcd1 Be4 34. Rd2 Rxd2 35. Nxd2 Re8 36. Nxe4 fxe4 37. h3 Nh6 38. g4
Re7 39. Kf2 Ng8 40. g5 Re6 41. Bg2 Ne7 42. Bxe4 g6 43. Re2 Kf8 44. h4 Nc8 
45. Kf3 Nd6 46. Bd3 Rxe2 47. Kxe2 Ke7 48. Ke3 Ke6 49. Be4 Ne8 50. Bd5+ Kf5
51. Kf3 Nd6 52. Bg8 Nb7 53. Bxh7 Nd6 54. Bg8 Ne8 55. Bf7 Nd6 56. Bd5 Ne8 
57. Be4+ Ke6 58. Bxg6 Nd6 59. Bd3 Nf7 60. h5 Nd8 61. h6 Kf7 62. Be4 Ne6 
63. Bd5 Ke7 64. Bxe6 Kxe6 65. h7 Kf5 66. h8=Q Ke6 67. Qf6+ Kd7 68. g6 Kc8 
69. g7 Kb7 70. g8=Q Ka7 71. Qgf7+ Ka8 72. Qd8# 1-0

[Event "European Cities & Towns Chess Championship - Youth"]
[Site "Central Europe"]
[Date "2023.01.29"]
[Round "4.2.3"]
[White "Codru, Raul Cristian"]
[Black "Misios, Konstantinos"]
[Result "1-0"]
[WhiteElo "1344"]
[BlackElo "1357"]
[BlackCountry "GR"]
[BlackFideId "42122406"]
[BlackTeam "Thessaloniki"]
[WhiteCountry "RO"]
[WhiteFideId "42203996"]
[WhiteTeam "Ia?i - Region"]

1. d4 Nf6 2. c4 c5 3. d5 b5 4. cxb5 a6 5. bxa6 Bxa6 6. Nc3 g6 7. e4 Bxf1 
8. Kxf1 Bg7 9. Nf3 O-O 10. g3 d6 11. Kg2 Nbd7 12. Be3 Ng4 13. Qe2 Nxe3+ 
14. Qxe3 Ne5 15. Nxe5 Bxe5 16. f4 Bd4 17. Qd3 Qa5 18. Rhe1 Rfb8 19. Reb1 
Bxc3 20. Qxc3 Qxc3 21. bxc3 Rxb1 22. Rxb1 Rxa2+ 23. Kh3 Kg7 24. Rb7 Kf6 
25. g4 Re2 26. g5+ Kg7 27. Rxe7 Re3+ 28. Kg4 Rxc3 29. Rd7 Rd3 30. Rxd6 c4 
31. Rc6 c3 32. d6 c2 33. Rxc2 Rxd6 34. f5 Rd4 35. f6+ Kg8 36. Rc8+ 1-0

[Event "European Cities & Towns Chess Championship - Youth"]
[Site "Central Europe"]
[Date "2023.01.29"]
[Round "4.2.4"]
[White "Spagkakas, Konstantinos"]
[Black "Minescu, Leon"]
[Result "0-1"]
[WhiteElo "1251"]
[BlackElo "1317"]
[BlackCountry "RO"]
[BlackFideId "1294148"]
[BlackTeam "Ia?i - Region"]
[WhiteCountry "GR"]
[WhiteFideId "25876384"]
[WhiteTeam "Thessaloniki"]

1. Nf3 c5 2. g3 Nc6 3. c4 e6 4. Nc3 Nf6 5. Bg2 Be7 6. d3 O-O 7. O-O d5 8. 
cxd5 exd5 9. Bf4 Be6 10. Rc1 d4 11. Na4 Qa5 12. b3 Nd5 13. Ng5 Ndb4 14. 
Nxe6 fxe6 15. Bh3 e5 16. Be6+ Kh8 17. Bd2 Rf6 18. Bh3 Qb5 19. Bg2 Raf8 20.
 a3 Na6 21. Bg5 Rf5 22. Bxe7 Nxe7 23. Qc2 b6 24. Be4 R5f6 25. Nb2 Nc7 26. 
Nc4 Qd7 27. Nxe5 Qe6 28. Nc4 Ncd5 29. Qd2 Nc3 30. Bf3 Rxf3 31. Rxc3 dxc3 
32. Qc2 R3f7 33. Ne3 Rxf2 34. Rxf2 Qxe3 35. Qxc3 0-1

[Event "European Cities & Towns Chess Championship - Youth"]
[Site "Central Europe"]
[Date "2023.01.29"]
[Round "4.3.1"]
[White "Sahin, Sarp"]
[Black "Borodich, Miroslav"]
[Result "1-0"]
[WhiteElo "1841"]
[BlackElo "1326"]
[BlackCountry "CY"]
[BlackFideId "5906571"]
[BlackTeam "Nicosia"]
[WhiteCountry "TR"]
[WhiteFideId "51605066"]
[WhiteTeam "Ankara"]

1. d4 Nf6 2. Bf4 c5 3. e3 Qb6 4. Na3 cxd4 5. Qxd4 Qxd4 6. exd4 d6 7. Nf3 
Bd7 8. O-O-O Nh5 9. Bg5 f6 10. Be3 g5 11. d5 Bg4 12. Be2 a6 13. Rd4 Bxf3 
14. Bxf3 Ng7 15. Rb4 b5 16. c4 bxc4 17. Nxc4 Nd7 18. Re1 Rc8 19. Kb1 Nf5 
20. Bg4 Nxe3 21. Bxd7+ Kxd7 22. Nb6+ Kd8 23. Nxc8 Nxd5 24. Rc4 Nf4 25. Nb6
Ke8 26. Rc8+ Kf7 27. g3 Nd3 28. Re2 Ne5 29. b4 Nf3 30. Nd5 e5 31. a4 Nxh2 
32. b5 axb5 33. a5 Ng4 34. a6 h5 35. a7 h4 36. a8=Q h3 37. Qb7+ Kg6 38. 
Ne7+ Kh5 39. Qh1 h2 40. f3 1-0

[Event "European Cities & Towns Chess Championship - Youth"]
[Site "Central Europe"]
[Date "2023.01.29"]
[Round "4.3.2"]
[White "Bannoura, Daniel"]
[Black "Yilmaz, Baver"]
[Result "0-1"]
[WhiteElo "1000"]
[BlackElo "1779"]
[BlackCountry "TR"]
[BlackFideId "26363542"]
[BlackTeam "Ankara"]
[WhiteCountry "CY"]
[WhiteFideId "5909546"]
[WhiteTeam "Nicosia"]

1. e4 c5 2. Nf3 e6 3. Nc3 d5 4. exd5 exd5 5. Bb5+ Nc6 6. Bxc6+ bxc6 7. O-O
Nf6 8. Re1+ Be7 9. Ne5 Qc7 10. d4 cxd4 11. Qxd4 O-O 12. Qd3 Be6 13. Qg3 
Bd6 14. Bh6 Nh5 15. Qg5 Bxe5 16. Qxh5 Bxc3 17. Qg5 Bf6 18. Qf4 Qxf4 19. 
Bxf4 Bxb2 20. Rab1 Bd4 21. Rb7 Bb6 22. Rb1 Rfe8 23. g3 Bc8 24. Rb8 Rxb8 
25. Bxb8 Bf5 26. Bd6 Re2 27. Kg2 Rxf2+ 28. Kh1 Be4+ 29. Kg1 Rf5+ 30. Bc5 
Bxc5# 0-1

[Event "European Cities & Towns Chess Championship - Youth"]
[Site "Central Europe"]
[Date "2023.01.29"]
[Round "4.3.3"]
[White "Celebi, Mehmet Alper"]
[Black "Stavrou, Christoforos"]
[Result "1-0"]
[WhiteElo "1614"]
[BlackElo "1000"]
[BlackTeam "Nicosia"]
[WhiteCountry "TR"]
[WhiteFideId "51603934"]
[WhiteTeam "Ankara"]

1. e4 e5 2. Nf3 Nc6 3. Bb5 Nf6 4. O-O Bc5 5. c3 O-O 6. d4 exd4 7. e5 Ng4 
8. cxd4 Nxd4 9. Nxd4 Qh4 10. Bf4 g5 11. Bg3 Qh5 12. Nf5 Re8 13. Qxg4 Qxg4 
14. Nh6+ Kg7 15. Nxg4 f5 16. exf6+ Kg6 17. Bd3+ Kh5 18. f7 Rf8 19. Nf6+ 
Kh6 20. Nc3 Rxf7 21. Be5 d6 22. Ng8+ Kh5 23. Bf6 Bf5 24. Bxf5 Rxg8 25. Ne4
Re8 26. g4+ Kh6 27. Bxg5+ Kg7 28. Nxc5 dxc5 29. Rad1 h6 30. Bf4 h5 31. h3 
hxg4 32. hxg4 Rh8 33. Be5+ Rf6 34. Rd7+ Kh6 35. Bxf6 Rg8 36. g5+ Kh5 37. 
Rh7# 1-0

[Event "European Cities & Towns Chess Championship - Youth"]
[Site "Central Europe"]
[Date "2023.01.29"]
[Round "4.3.4"]
[White "Stylianou, Achilleas"]
[Black "Ozugur, Bartu Okan"]
[Result "0-1"]
[WhiteElo "1000"]
[BlackElo "1177"]
[BlackCountry "TR"]
[BlackFideId "26321289"]
[BlackTeam "Ankara"]
[WhiteTeam "Nicosia"]

1. e4 e6 2. d4 d5 3. exd5 exd5 4. Nc3 c6 5. Qe2+ Be6 6. Qd1 Bd6 7. Qd2 Ne7
8. Qd1 O-O 9. Bg5 f6 10. Bh4 Nf5 11. Nf3 Nxh4 12. Nxh4 Re8 13. Be2 Bg4 14.
 O-O Bxe2 15. Nxe2 Qc7 16. Nc3 Bxh2+ 17. Kh1 Bd6 18. Nf5 Nd7 19. Qg4 Nf8 
20. Rae1 Ng6 21. Rxe8+ Rxe8 22. Qh5 Bb4 23. Rd1 Bxc3 24. bxc3 Qf4 25. g3 
Qxf2 26. Qh2 Qf3+ 27. Qg2 Qxd1+ 28. Qg1 Re1 29. Qxe1 Qxe1+ 30. Kh2 Qf2+ 
31. Kh3 Qxf5+ 32. g4 Qf3+ 33. Kh2 Nf4 34. g5 Qg2# 0-1

[Event "European Cities & Towns Chess Championship - Youth"]
[Site "Central Europe"]
[Date "2023.01.29"]
[Round "4.4.1"]
[White "Rusu, Lucas"]
[Black "Molchanov, Roman"]
[Result "1-0"]
[WhiteElo "1625"]
[BlackElo "1329"]
[BlackCountry "UA"]
[BlackFideId "34131086"]
[BlackTeam "Lviv Chess Federation"]
[WhiteCountry "RO"]
[WhiteFideId "42206472"]
[WhiteTeam "Iasi"]

1. e4 e5 2. Nf3 Nc6 3. Nc3 Nf6 4. d4 exd4 5. Nxd4 Bc5 6. Be3 Bxd4 7. Bxd4 
d6 8. Be2 O-O 9. Qd2 Re8 10. f3 Be6 11. O-O-O a5 12. Bb5 Rf8 13. g4 Nxd4 
14. Qxd4 c6 15. Be2 b5 16. Qxd6 Qxd6 17. Rxd6 Rac8 18. h3 Rfd8 19. Rhd1 
Rxd6 20. Rxd6 Kf8 21. f4 Ke7 22. e5 Nd5 23. Nxd5+ Bxd5 24. Bxb5 Bg2 25. 
Ba6 Rc7 26. Be2 Bxh3 27. Bf3 f6 28. f5 fxe5 29. Re6+ Kf7 30. Rxe5 Kf6 31. 
Rxa5 c5 32. Ra4 Kg5 33. Rc4 Bf1 34. Rc3 Bh3 35. b4 Bxg4 36. Bg2 Bxf5 37. 
b5 Rc8 38. b6 Rb8 39. b7 h5 40. Rxc5 h4 41. a4 Kf4 42. a5 h3 43. Bh1 h2 
44. a6 Be4 45. Rc4 Re8 46. a7 Kg3 47. b8=Q+ Rxb8 48. axb8=Q+ Kf2 49. Qxh2+
Ke3 50. Qg3+ Ke2 51. Rxe4+ Kf1 52. Re1# 1-0

[Event "European Cities & Towns Chess Championship - Youth"]
[Site "Central Europe"]
[Date "2023.01.29"]
[Round "4.4.2"]
[White "Gavker, Markiyan"]
[Black "Cazacu, Iustin-Nicolas"]
[Result "1-0"]
[WhiteElo "1310"]
[BlackElo "1549"]
[BlackCountry "RO"]
[BlackFideId "42206367"]
[BlackTeam "Iasi"]
[WhiteCountry "UA"]
[WhiteFideId "34133810"]
[WhiteTeam "Lviv Chess Federation"]

1. e4 e6 2. d4 d5 3. exd5 exd5 4. Nf3 Nf6 5. Be2 Be7 6. O-O O-O 7. Nc3 Bg4
8. Bf4 c5 9. Bxb8 Rxb8 10. h3 Bh5 11. Re1 a6 12. Ne5 Bxe2 13. Nxe2 Qb6 14.
 Rb1 cxd4 15. Qxd4 Bc5 16. Qf4 Ne4 17. Rf1 Rbd8 18. c4 Nf6 19. Nc3 dxc4 
20. Nxc4 Qc6 21. Ne3 Rd4 22. Qg3 Nh5 23. Qg5 Nf4 24. Nf5 Ne6 25. Nxd4 Bxd4
26. Qg3 Rc8 27. Rbc1 Qd7 28. Rfd1 Qc6 29. Nd5 Qxc1 30. Rxc1 Rxc1+ 31. Kh2 
f6 32. Qb8+ Kf7 33. Qxb7+ Kg6 34. Ne7+ Kh6 35. Nf5+ Kg6 36. Nxd4 Nxd4 37. 
Qe4+ Nf5 38. g4 Rc5 39. gxf5+ Rxf5 40. a4 h5 41. b4 h4 42. b5 Kg5 43. Qg4+
Kh6 44. Qxf5 1-0

[Event "European Cities & Towns Chess Championship - Youth"]
[Site "Central Europe"]
[Date "2023.01.29"]
[Round "4.4.3"]
[White "Dumitru, Rucsandra Sofia"]
[Black "Hychkevych, Vitaliy"]
[Result "0-1"]
[WhiteElo "1156"]
[BlackElo "1251"]
[BlackCountry "UA"]
[BlackFideId "34127046"]
[BlackTeam "Lviv Chess Federation"]
[WhiteCountry "RO"]
[WhiteFideId "42204011"]
[WhiteTeam "Iasi"]

1. d4 c5 2. d5 d6 3. c4 Nf6 4. Nc3 g6 5. Nf3 Bg7 6. e4 O-O 7. Bd3 Bg4 8. 
O-O Nbd7 9. Be3 Ne5 10. Be2 Bxf3 11. gxf3 Ned7 12. a3 a6 13. Rb1 Rb8 14. 
b4 Nh5 15. Na2 Nhf6 16. Qc2 cxb4 17. axb4 Rc8 18. Rfc1 b5 19. c5 dxc5 20. 
bxc5 Ne5 21. c6 Qc7 22. Kh1 e6 23. f4 Neg4 24. Bc5 Rfe8 25. e5 exd5 26. 
exf6 Qxf4 27. Bxg4 Qxg4 28. Rg1 Qf3+ 29. Rg2 Bxf6 30. Qb3 Re1+ 31. Rxe1 
Qxb3 32. Nc1 Qc3 33. Rd1 Qxc5 0-1

[Event "European Cities & Towns Chess Championship - Youth"]
[Site "Central Europe"]
[Date "2023.01.29"]
[Round "4.4.4"]
[White "Korchevskyi, Volodymyr"]
[Black "Tcaciuc, Smaranda-Maria"]
[Result "1-0"]
[WhiteElo "1244"]
[BlackElo "1105"]
[BlackCountry "RO"]
[BlackFideId "42204992"]
[BlackTeam "Iasi"]
[WhiteCountry "UA"]
[WhiteFideId "34157310"]
[WhiteTeam "Lviv Chess Federation"]

1. e4 c5 2. c3 e6 3. d4 d5 4. exd5 exd5 5. Bb5+ Nc6 6. Nf3 Nf6 7. O-O Bg4 
8. Bg5 Be7 9. Qa4 Bd7 10. Ne5 Qc7 11. Re1 O-O 12. Nxc6 Bxc6 13. Bxc6 bxc6 
14. Nd2 Rfe8 15. Nf3 Ne4 16. Bxe7 Rxe7 17. Ne5 Re6 18. f3 cxd4 19. cxd4 
Nf6 20. Rac1 Rc8 21. b4 Qb6 22. b5 c5 23. Nc6 cxd4 24. Ne7+ Rxe7 25. Rxc8+
Ne8 26. Rxe8+ Rxe8 27. Rxe8# 1-0

[Event "European Cities & Towns Chess Championship - Youth"]
[Site "Central Europe"]
[Date "2023.01.29"]
[Round "4.5.1"]
[White "Tamiolakis, Grigorios"]
[Black "Gromosiak, Antonii"]
[Result "0-1"]
[WhiteElo "1226"]
[BlackElo "1735"]
[BlackCountry "UA"]
[BlackFideId "34121366"]
[BlackTeam "Kyiv region"]
[WhiteCountry "GR"]
[WhiteFideId "42143799"]
[WhiteTeam "Heraklion"]

1. e4 c5 2. Nf3 d6 3. c3 Nf6 4. Be2 Nc6 5. d4 cxd4 6. cxd4 d5 7. e5 Ne4 8.
 O-O Bf5 9. Nbd2 e6 10. Nb3 Be7 11. Bf4 O-O 12. Nfd2 a5 13. Nxe4 dxe4 14. 
a4 Qd7 15. Bg4 Rfd8 16. Bxf5 exf5 17. Qd2 Qd5 18. Qe3 Nxd4 19. Rad1 Qxb3 
20. Rxd4 Qxe3 21. fxe3 Bc5 22. Rc4 b6 23. g4 fxg4 24. Rxe4 Rd2 25. Bg5 h6 
26. Bh4 g5 27. Bf2 h5 28. e6 fxe6 29. Rxe6 Kg7 30. e4 Rxf2 31. Rxf2 Rf8 
0-1

[Event "European Cities & Towns Chess Championship - Youth"]
[Site "Central Europe"]
[Date "2023.01.29"]
[Round "4.5.2"]
[White "Gromosiak, Oleksii"]
[Black "Anastasaki, Georgia"]
[Result "1-0"]
[WhiteElo "1312"]
[BlackElo "1000"]
[BlackCountry "GR"]
[BlackFideId "42112419"]
[BlackTeam "Heraklion"]
[WhiteCountry "UA"]
[WhiteFideId "34137904"]
[WhiteTeam "Kyiv region"]

1. e4 e5 2. Nf3 Nc6 3. Bb5 d6 4. O-O Bg4 5. Be2 Nf6 6. h3 Bxf3 7. Bxf3 Be7
8. c3 O-O 9. d4 exd4 10. cxd4 a6 11. Re1 Ne8 12. Nc3 Nb4 13. a3 Nc6 14. b4
b6 15. e5 dxe5 16. Bxc6 Rb8 17. dxe5 Qxd1 18. Rxd1 h6 19. Rd7 Bg5 20. Bxg5
hxg5 21. Re7 a5 22. Bxe8 Rbxe8 23. Rxe8 Rxe8 24. bxa5 bxa5 25. Re1 Re6 26.
 Nb5 c6 27. Nd4 Re8 28. Nxc6 Rc8 29. Ne7+ Kh8 30. Nxc8 Kh7 31. e6 fxe6 32.
 Rxe6 a4 33. g4 g6 34. Nd6 Kg7 35. Re7+ Kh6 36. Re4 Kh7 37. Rxa4 Kg7 38. 
Rc4 Kh7 39. a4 Kg7 40. a5 Kh7 41. a6 Kg7 42. a7 Kh7 43. a8=Q Kg7 44. Qa4 
Kh7 45. Qd7+ Kh6 46. Qe6 Kg7 47. Rc7+ Kh6 48. Nf5# 1-0

[Event "European Cities & Towns Chess Championship - Youth"]
[Site "Central Europe"]
[Date "2023.01.29"]
[Round "4.5.3"]
[White "Chatzisavvas, Nikolaos"]
[Black "Chunikhin, Miron"]
[Result "1-0"]
[WhiteElo "1000"]
[BlackElo "1000"]
[BlackCountry "UA"]
[BlackFideId "34161325"]
[BlackTeam "Kyiv region"]
[WhiteCountry "GR"]
[WhiteFideId "42124247"]
[WhiteTeam "Heraklion"]

1. e4 f5 2. exf5 d5 3. Nc3 Bxf5 4. d4 Nc6 5. Bf4 Qd7 6. Nf3 Nf6 7. Bb5 a6 
8. Ba4 e6 9. O-O Bg4 10. h3 Bh5 11. Qd3 Bb4 12. Ne5 Nxe5 13. Bxd7+ Kxd7 
14. dxe5 Bxc3 15. Qxc3 Ne4 16. Qe3 Rhf8 17. f3 g5 18. fxe4 gxf4 19. Rxf4 
c6 20. exd5 exd5 21. Rxf8 Rxf8 22. Qh6 Bg6 23. Qxf8 Ke6 24. Qg7 b5 25. Rf1
Bf7 26. Qxf7+ Kxe5 27. Re1+ Kd4 28. Qf6+ Kc5 29. b4+ Kb6 30. Qd8+ Ka7 31. 
Re7# 1-0

[Event "European Cities & Towns Chess Championship - Youth"]
[Site "Central Europe"]
[Date "2023.01.29"]
[Round "4.5.4"]
[White "Andrey, Dudnikov"]
[Black "Kilaidakis, Ioannis"]
[Result "1-0"]
[WhiteElo "1000"]
[BlackElo "1000"]
[BlackCountry "GR"]
[BlackFideId "42133564"]
[BlackTeam "Heraklion"]
[WhiteTeam "Kyiv region"]

1. e4 e5 2. Nf3 Nc6 3. Bc4 Bc5 4. c3 Nf6 5. d3 d6 6. Bb3 a5 7. O-O O-O 8. 
Re1 Bb6 9. Nbd2 Re8 10. Nf1 d5 11. Ng3 Bg4 12. h3 Be6 13. Nh4 g6 14. Bh6 
Nh5 15. Nxh5 Qxh4 16. Ng7 Re7 17. exd5 Bxd5 18. Bxd5 Qxh6 19. Bxc6 bxc6 
20. Nf5 gxf5 21. d4 e4 22. c4 c5 23. d5 Kh8 24. Qa4 e3 25. fxe3 Rxe3 26. 
Qc6 Rae8 27. Qxh6 Rxe1+ 28. Rxe1 Rxe1+ 29. Kf2 Ra1 30. Qf6+ Kg8 31. Qxf5 
Rxa2 32. Qb1 Ra4 33. b3 Rb4 34. Qa2 Kf8 35. Kg3 Kg7 36. Kg4 f6 37. Kf5 Kf7
38. g4 h6 39. h4 Kg7 40. g5 hxg5 41. hxg5 fxg5 42. Kxg5 Kf7 43. Qf2+ Ke8 
44. Qe3+ Kd8 45. Qe5 Rxb3 46. d6 cxd6 47. Qxd6+ Kc8 48. Qc6+ Kb8 49. Kf6 
a4 50. Qxa4 Rb4 51. Qa6 Kc7 52. Ke6 Kb8 53. Kd7 Ba7 54. Qc8# 1-0

[Event "European Cities & Towns Chess Championship - Youth"]
[Site "Central Europe"]
[Date "2023.01.29"]
[Round "4.6.1"]
[White "Tzimas, Konstantinos"]
[Black "Capjak, David"]
[Result "1/2-1/2"]
[WhiteElo "1275"]
[BlackElo "1122"]
[BlackCountry "HR"]
[BlackFideId "14582554"]
[BlackTeam "Zagreb"]
[WhiteCountry "GR"]
[WhiteFideId "42123828"]
[WhiteTeam "Ioannina"]

1. e4 c5 2. Nf3 e6 3. d4 cxd4 4. Nxd4 Nc6 5. Nc3 Bb4 6. Nb5 Nf6 7. Bg5 Qa5
8. Bxf6 gxf6 9. Nd6+ Bxd6 10. Qxd6 Qe5 11. Qxe5 fxe5 12. O-O-O b6 13. Nb5 
Kd8 14. Nd6 Ke7 15. c3 Nd4 16. Nxf7 Kxf7 17. cxd4 exd4 18. Rxd4 Ke7 19. e5
Bb7 20. Bb5 Rhd8 21. Rhd1 Rac8+ 22. Kb1 Rc7 23. f3 a6 24. Ba4 b5 25. Bc2 
h6 26. Rh4 Rdc8 27. Rd2 Bd5 28. Rxh6 Bxa2+ 29. Kxa2 Rxc2 30. Rh7+ Ke8 31. 
Rdxd7 Rxg2 32. Rdg7 Rxg7 33. Rxg7 Rc2 34. Rg6 Kf7 35. Rf6+ Ke7 36. Rh6 Rf2
37. Rh7+ Ke8 38. Rh3 a5 39. Kb3 Kd7 40. Kc3 Kc6 41. b3 Kc5 42. Kd3 Kd5 43.
 Ke3 Rb2 44. Kf4 Rxb3 45. Rh5 a4 46. Rh8 a3 47. Rd8+ Kc4 48. Ra8 b4 49. h4
Rb2 50. h5 Rh2 51. Kg5 Kb3 52. h6 a2 53. Kg6 Kb2 54. h7 a1=Q 55. Rxa1 Kxa1
56. f4 b3 57. f5 exf5 58. e6 b2 59. e7 Rxh7 60. e8=Q b1=Q 61. Qa4+ Qa2 62.
 Qd1+ Kb2 63. Qd2+ Ka3 64. Qd6+ Kb3 65. Kxh7 Qa7+ 66. Kg6 Qg1+ 67. Kxf5 
Qf2+ 68. Ke6 Qe3+ 69. Kd7 Qa7+ 70. Ke8 Qa8+ 71. Qd8 Qe4+ 72. Qe7 Qa4+ 73. 
Qd7 Qe4+ 74. Kf8 Qf4+ 75. Qf7+ Qxf7+ 76. Kxf7 1/2-1/2

[Event "European Cities & Towns Chess Championship - Youth"]
[Site "Central Europe"]
[Date "2023.01.29"]
[Round "4.6.2"]
[White "Botica, Viseslav"]
[Black "Tzima, Anthia"]
[Result "1-0"]
[WhiteElo "1072"]
[BlackElo "1116"]
[BlackCountry "GR"]
[BlackFideId "42124042"]
[BlackTeam "Ioannina"]
[WhiteCountry "HR"]
[WhiteFideId "14574799"]
[WhiteTeam "Zagreb"]

1. e4 e5 2. Nf3 Nc6 3. Nc3 Nf6 4. Bb5 a6 5. Bxc6 dxc6 6. O-O Bg4 7. h3 Bh5
8. d3 Bc5 9. Bg5 h6 10. Bh4 O-O 11. Qe2 Re8 12. Nd1 b5 13. Ne3 b4 14. Nf5 
a5 15. Ng3 g5 16. Nxh5 Nxh5 17. Bxg5 hxg5 18. Nxe5 Nf4 19. Qg4 Rxe5 20. g3
Ng6 21. Kg2 Qf6 22. f4 gxf4 23. gxf4 Re7 24. f5 Re5 25. fxg6 Rg5 26. Rxf6 
Rxg4+ 27. hxg4 fxg6 28. Rxg6+ Kf7 29. Rxc6 Bd6 30. Rf1+ Ke7 31. d4 Kd7 32.
 d5 Ke7 33. g5 Rg8 34. Rf5 a4 35. e5 Bxe5 36. Rxe5+ Kd7 37. Kf3 Rf8+ 38. 
Rf6 Rh8 39. Kg3 Rb8 40. b3 a3 41. Ree6 Rg8 42. g6 Kd8 43. Kf4 Kd7 44. Ke5 
Kd8 45. d6 Kd7 46. Rf7+ Kc6 47. dxc7+ Kb7 48. Kf6 Kc8 49. g7 Kb7 50. c8=Q+
Kxc8 51. Rf8+ Rxf8+ 52. gxf8=Q+ Kd7 53. Qe7+ Kc8 54. Rc6+ Kb8 55. Qc7+ Ka8
56. Ra6# 1-0

[Event "European Cities & Towns Chess Championship - Youth"]
[Site "Central Europe"]
[Date "2023.01.29"]
[Round "4.6.3"]
[White "Paterakis, Panagiotis Emm"]
[Black "Kovac, Faust"]
[Result "1-0"]
[WhiteElo "1070"]
[BlackElo "1000"]
[BlackCountry "HR"]
[BlackFideId "14595338"]
[BlackTeam "Zagreb"]
[WhiteCountry "GR"]
[WhiteFideId "25894900"]
[WhiteTeam "Ioannina"]

1. d4 d5 2. Bf4 Bf5 3. Nf3 Nc6 4. e3 Nf6 5. c4 e6 6. Nc3 Bb4 7. Qb3 Ne4 8.
 Ne5 Nxe5 9. dxe5 Bxc3+ 10. bxc3 O-O 11. f3 Nc5 12. Qa3 b6 13. Rd1 h6 14. 
cxd5 exd5 15. Bb5 a6 16. Be2 Re8 17. e4 Be6 18. exd5 Bxd5 19. c4 c6 20. 
cxd5 cxd5 21. O-O f6 22. Bc4 fxe5 23. Bxd5+ Kh8 24. Bxa8 Qxa8 25. Be3 Rd8 
26. Rxd8+ Qxd8 27. Bxc5 bxc5 28. Qxc5 Kh7 29. Rc1 Qd2 30. Qc2+ Qxc2 31. 
Rxc2 1-0

[Event "European Cities & Towns Chess Championship - Youth"]
[Site "Central Europe"]
[Date "2023.01.29"]
[Round "4.6.4"]
[White "Malaric, Marko"]
[Black "Georgios, Basios"]
[Result "1-0"]
[WhiteElo "1234"]
[BlackElo "1000"]
[BlackTeam "Ioannina"]
[WhiteCountry "HR"]
[WhiteFideId "14594960"]
[WhiteTeam "Zagreb"]

1. c4 e5 2. g3 Nf6 3. Bg2 Nc6 4. Nc3 Bb4 5. e3 Bxc3 6. bxc3 d6 7. d4 exd4 
8. cxd4 Bg4 9. Ne2 Bxe2 10. Qxe2 d5 11. cxd5 Nxd5 12. Qb5 Rb8 13. Qxd5 
Qxd5 14. Bxd5 f6 15. Bxc6+ bxc6 16. Ba3 a5 17. O-O Rg8 18. Rac1 Kd7 19. 
Rc5 a4 20. Rfc1 Rb6 21. Ra5 g5 22. Rxa4 h5 23. Bc5 Rb7 24. Ra3 g4 25. Rb3 
Rxb3 26. axb3 f5 27. b4 Rb8 28. Rd1 Ke6 29. Kg2 Kd5 30. h3 gxh3+ 31. Kxh3 
Rb5 32. Kh4 Ke4 33. Kxh5 Rb8 34. Rc1 Rh8+ 35. Kg6 Rg8+ 36. Kf7 Rg5 37. Be7
Rg4 38. Rxc6 Kf3 39. Rxc7 Kxf2 40. b5 Kxe3 41. Bd6 Kxd4 42. b6 Kd5 43. Bf4
Kd4 44. b7 Kd5 45. b8=Q Ke4 46. Qb4+ Kf3 47. Rc3+ Kg2 48. Qb2+ Kh3 49. Rc1
Rg8 50. Rh1+ Kg4 51. Qe2# 1-0

[Event "European Cities & Towns Chess Championship - Youth"]
[Site "Central Europe"]
[Date "2023.01.29"]
[Round "5.1.1"]
[White "Kuru, Atilla"]
[Black "Siskou, Evangelia"]
[Result "1-0"]
[WhiteElo "2054"]
[BlackElo "1502"]
[BlackCountry "GR"]
[BlackFideId "42113938"]
[BlackTeam "Thessaloniki"]
[WhiteCountry "TR"]
[WhiteFideId "51607948"]
[WhiteTeam "Istanbul"]

1. e4 e5 2. f4 d5 3. exd5 exf4 4. Nf3 Nf6 5. c4 Bd6 6. d4 c5 7. dxc6 Nxc6 
8. Be2 O-O 9. O-O Bg4 10. Kh1 Rc8 11. Nc3 a6 12. b3 Bb4 13. Bb2 Bxf3 14. 
Bxf3 Re8 15. Nd5 Nxd5 16. Bxd5 Qc7 17. Qf3 Ne7 18. Bxb7 Rb8 19. Bxa6 Ng6 
20. c5 Qa7 21. Bc4 Re3 22. Qd5 Rbe8 23. a3 Ba5 24. b4 Bd8 25. b5 Qe7 26. 
b6 Re1 27. Qxf7+ Qxf7 28. Bxf7+ Kxf7 29. Raxe1 Be7 30. a4 Ra8 31. c6 Rxa4 
32. c7 Rc4 33. b7 1-0